[Event "Moscow Open-F 2019"]
[Site "Moscow"]
[Date "2019.02.02"]
[Round "9"]
[White "Thing, Bibek"]
[Black "Antonov, Andrey P."]
[Result "1-0"]
[WhiteElo "2264"]
[BlackElo "2150"]
[Annotator "TA"]
[PlyCount "71"]
[EventDate "2019.01.26"]
[EventType "swiss"]
[EventCountry "RUS"]
[SourceTitle "playchess.com"]
[Source "ChessBase"]
[SourceQuality "1"]

{[%evp 20,71,50,40,49,59,53,55,156,62,97,82,83,81,82,77,83,79,91,86,81,67,80,83,98,89,102,101,125,72,69,59,72,72,129,128,141,125,134,131,181,33,19,19,636,633,874,827,2812,2621,29992,29993,29993,29994]} 1. e4 Nf6 2. e5 Nd5 3. c4 $146 (3. d4 d6 4. c4 {0-1 (87) Lomasov,S (2553)-Indjic,A (2620) St Petersburg 2018}) ({Predecessor:} 3. d4 d6 4. Nf3 Bg4 5. Be2 Nc6 6. exd6 exd6 7. O-O Be7 8. h3 Bh5 9. c4 Nb6 10. Nc3 {1-0 (22) Sumaneev,D (2440)-Jankin,V Orel 1996}) 3... Nb6 4. d4 d6 5. exd6 exd6 6. Be2 (6. Nc3 Be7 7. Nf3 Nc6 8. Be2 a5 9. O-O O-O 10. b3 Bg4 11. Be3 Re8 12. h3 {0-1 (87) Lomasov,S (2553)-Indjic,A (2620) St Petersburg 2018}) 6... Be7 7. Nf3 O-O 8. O-O Bg4 9. h3 Bh5 10. Nc3 Nc6 11. b3 a5 {B05: Alekhine's Defence: 4 Nf3 Bg4} ({Predecessor:} 11... Re8 12. Be3 Bf6 13. Qd2 {1-0 (22) Sumaneev,D (2440)-Jankin,V Orel 1996}) 12. Be3 Re8 13. Qd2 Bf6 {[#]} (13... h6 $14) (13... Bf8 14. Rad1 d5 15. c5 {0-1 (87) Lomasov,S (2553)-Indjic,A (2620) St Petersburg 2018}) 14. Rae1 (14. g4 $1 $16 {[%cal Rg4h5]} Bg6 15. g5) 14... a4 15. d5 {Bxb6 is the strong threat.} Bxf3 16. Bxf3 Ne5 17. Bd1 axb3 18. axb3 Nbd7 ({Predecessor:} 18... Ned7 19. Nb5 g6 20. Bd4 Rxe1 21. Rxe1 Bxd4 22. Qxd4 {1-0 (22) Sumaneev,D (2440)-Jankin,V Orel 1996}) 19. Re2 Ng6 20. Rfe1 Ra1 21. Nb5 Kf8 22. Bc2 Ra2 23. Nc3 Rb2 24. Rb1 (24. Kh1 $142) 24... Rxb1+ $16 25. Bxb1 Nc5 26. Bc2 b6 ({Black should play} 26... Bxc3 27. Qxc3 Kg8) 27. Nb5 Be5 28. g3 Qd7 29. Kg2 Ra8 30. Bxc5 (30. f4 $18 {And now Bxg6 would win.} Bf6 31. b4) 30... bxc5 $14 31. Qg5 {Black must now prevent Bf5.} Ra2 $2 {[%mdl 8192]} (31... Bf6 $11 32. Qf5 Qd8) 32. Bf5 $18 {[%mdl 64] [#] Discovered Attack} Rxe2 33. Bxd7 {[%cal Rg5d8]} f6 34. Qh5 Rb2 35. Qxh7 Bd4 36. Nxd4 {Accuracy: White = 64%, Black = 30%.} 1-0

[Event "Moscow Open-F 2019"]
[Site "Moscow"]
[Date "2019.02.02"]
[Round "9"]
[White "Kovalev, Egor"]
[Black "Velichko, Artemy"]
[Result "1-0"]
[WhiteElo "2234"]
[BlackElo "1966"]
[Annotator "TA"]
[PlyCount "113"]
[EventDate "2019.01.26"]
[EventType "swiss"]
[EventCountry "RUS"]
[SourceTitle "playchess.com"]
[Source "ChessBase"]
[SourceQuality "1"]

{[%evp 9,113,2,8,-6,13,11,15,-43,-43,-50,-44,-43,-39,-48,-46,-58,-53,-62,0,0,0,-7,18,0,0,5,0,0,88,70,70,23,29,0,0,0,56,32,27,0,17,7,214,0,0,0,18,0,0,0,0,0,39,31,24,11,60,0,0,0,0,0,0,0,0,0,0,0,0,0,0,0,330,318,283,292,636,625,12845,12842,6291,6291,2474,2386,29982,29983,29982,29966,29964,11902,29977,29975,29989,29990,29990,29947,29947,5830,29949,29950,12837,12313,6079,5181,5093,1804]} 1. e4 e6 2. Qe2 e5 3. Nf3 Nc6 4. g3 $146 ({Predecessor:} 4. c3 Nf6 5. g3 Bc5 {½-½ (31) David,A (2605)-Stella,A (2442) Fano 2012}) 4... Bc5 5. Bg2 Nf6 6. c3 {C00: French: Unusual White 2nd moves} d6 7. b4 Bb6 8. b5 ({White should play} 8. O-O $11) ({Predecessor:} 8. O-O Ne7 9. d4 Ng6 10. dxe5 Nxe5 11. Nxe5 dxe5 12. Na3 {½-½ (31) David,A (2605)-Stella,A (2442) Fano 2012}) 8... Na5 $15 9. d4 O-O 10. Nbd2 Re8 11. dxe5 Ng4 12. O-O Nxe5 13. Nxe5 Rxe5 (13... dxe5 $15 14. Rd1 Qe7) 14. Bb2 $11 Re8 15. c4 f6 16. Kh1 Be6 17. f4 Qd7 18. Qd3 Bh3 (18... c6 $11) 19. Bxh3 $16 Qxh3 20. f5 (20. Bc3 {is interesting.} a6 21. Qd5+ Qe6 22. a4 Qf7 23. Rfe1) 20... Qh5 21. Nf3 (21. Bc3 {with more complications.} Qf7 22. Bb4 c6 23. Rac1 Rad8 24. Rfe1) 21... Qf7 22. Rac1 Bc5 (22... Rac8 $11) 23. g4 $14 h6 $1 24. a4 b6 25. Nh4 Nb7 $2 {[#]} (25... c6 $11) 26. Ng6 $2 (26. g5 $1 $18 {[%mdl 512]}) 26... Bb4 $1 $11 27. Bd4 a6 28. Nf4 axb5 29. axb5 Ra3 30. Qc2 Rea8 31. Ra1 Bc5 32. Bb2 R3a5 33. Nd5 ({White should try} 33. Qd3 $14) 33... Nd8 34. Bc3 Rxa1 35. Rxa1 Rxa1+ 36. Bxa1 c6 37. bxc6 Nxc6 38. Bc3 Qa7 39. Kg2 Qa6 40. Qb3 Na5 $2 {[%mdl 8192] [#]} (40... Ne5 $11) 41. Qa4 $1 $18 {[%cal Ra4e8]} Qa8 {[#]} 42. Qd7 $1 Nxc4 $2 {[#]} (42... Qf8 43. Qe6+ Kh7) 43. Bxf6 $1 {[%csl Gf6][%cal Rd7g7][%mdl 512]} Ne3+ (43... gxf6 44. Qe6+) 44. Kh3 {[%csl Gf6][%cal Rd7g7]} Qf8 45. Qe6+ Kh8 46. Ne7 {Ng6+ would kill now.} Kh7 47. Bc3 Qe8 48. f6 d5 49. exd5 h5 50. Qe4+ g6 51. gxh5 Qd7+ 52. Qe6 Qxe6+ 53. dxe6 gxh5 54. f7 Bxe7 {[#]} 55. Bf6 $1 {[%cal Rf6e7][%mdl 576] Deflection, Promotion. White is clearly winning.} Bxf6 56. f8=Q {White wants to mate with Qf7+.} Nd5 {[#]} 57. e7 $1 {Accuracy: White = 71%, Black = 47%.} 1-0

[Event "Moscow Open-F 2019"]
[Site "Moscow"]
[Date "2019.02.02"]
[Round "9"]
[White "Indzhiev, Aldar"]
[Black "Razumovskiy, Mikhail"]
[Result "1-0"]
[WhiteElo "2218"]
[BlackElo "1974"]
[Annotator "TA"]
[PlyCount "133"]
[EventDate "2019.01.26"]
[EventType "swiss"]
[EventCountry "RUS"]
[SourceTitle "playchess.com"]
[Source "ChessBase"]
[SourceQuality "1"]

{[%evp 12,133,23,23,23,13,16,13,33,0,143,146,119,131,120,114,201,180,167,181,189,182,209,209,196,191,185,193,304,289,385,390,390,379,363,368,453,440,468,466,508,501,560,537,497,463,459,454,447,404,514,513,600,597,591,591,572,523,582,581,659,658,623,541,710,676,670,541,1364,1430,1218,1054,593,552,1326,914,6629,11433,6721,6737,29958,29966,29960,11945,29971,29974,29974,29973,29973,29974,29974,29975,29974,0,29974,29975,29975,29975,29978,29979,29978,29979,29979,29980,29981,29982,29981,29982,29982,29983,29982,29983,29985,29986,29986,29987,29987,29988,29988,29989,29990,29991,29991,29991]} 1. c4 $146 (1. d4 d5 2. c4 {½-½ (14) Ivanchuk,V (2758)-Le,Q (2705) Caleta 2013}) ({Predecessor:} 1. d4 d5 2. c4 {1-0 (36) Sedykh,E (1838)-Acar,U (1712) Porto Carras 2013}) 1... c6 2. d4 d5 3. cxd5 cxd5 4. Bf4 (4. Nc3 Nf6 5. Bf4 Nc6 {½-½ (14) Ivanchuk,V (2758)-Le,Q (2705) Caleta 2013}) ({Predecessor:} 4. Nc3 Nc6 5. Bf4 Nf6 {1-0 (36) Sedykh,E (1838)-Acar,U (1712) Porto Carras 2013}) 4... Nc6 5. e3 Nf6 6. Nc3 a6 7. Rc1 Bg4 {D10: Slav Defence: 3 cxd5 (without early Nf3) and 3 Nc3} (7... Bf5 8. Nf3 e6 9. Qb3 Ra7 10. Ne5 Nxe5 11. Bxe5 Nd7 12. Bg3 Be7 13. Qd1 O-O 14. Bd3 {½-½ (14) Ivanchuk,V (2758)-Le,Q (2705) Caleta 2013}) 8. f3 Bf5 9. g4 Bg6 {The position is equal.} 10. Qb3 {Hoping for h4.} e6 (10... Na5 $1 $11 11. Qa4+ Nc6) 11. Qxb7 $16 Na5 12. Qc7 $36 {[%mdl 2048] White has strong initiative.} Qxc7 13. Bxc7 Nb7 (13... Nc4 $16 {is a better defense.}) 14. Na4 {Threatens to win with Nb6.} ({Predecessor:} 14. Nh3 Bd6 15. Bxd6 Nxd6 {1-0 (36) Sedykh,E (1838)-Acar,U (1712) Porto Carras 2013}) 14... Bb4+ 15. Kf2 {aiming for Nb6.} Nd7 16. Nh3 O-O 17. Nf4 Rfc8 18. Nxg6 hxg6 {[#]} 19. Be2 $1 e5 (19... Nd6 $142 20. Rc6 Ne8) 20. dxe5 Bd2 21. Rc2 Nbc5 22. Nxc5 ({Much less strong is} 22. Rxd2 Nxa4 23. Bd6 Nab6 $18) 22... Rxc7 23. Rxd2 Rxc5 24. b4 Rc3 25. Rxd5 Nb6 26. Rc5 Rc8 27. Rxc8+ Rxc8 28. Bxa6 $18 {[%mdl 4096] Endgame KRB-KRN} Rc2+ 29. Kg3 Rxa2 30. b5 Ra3 31. Rc1 Kf8 32. Rc6 Nd7 33. e6 fxe6 34. Rxe6 Kf7 35. Rd6 Nc5 36. Rc6 Nxa6 37. Rxa6 Rxe3 {KR-KR} 38. Kf4 Rb3 39. Rb6 g5+ 40. Kxg5 Rxf3 41. h4 Rd3 42. Rb7+ Kg8 43. h5 Rd4 44. Kf5 Rd5+ 45. Ke4 Rg5 46. Kf4 Rc5 47. g5 g6 48. hxg6 Rd5 49. Kg4 Rc5 50. g7 Rd5 51. Kh5 Rd6 52. Kg4 Rd5 $1 53. Kf4 {White mates.} Rc5 54. Ke4 Rc1 55. Kd5 Rd1+ 56. Kc6 Rc1+ 57. Kb6 Rb1 58. Rc7 Rb3 59. Ka6 Ra3+ 60. Kb7 Rb3 61. b6 {[%cal Bb5b6,Bb6b7][%mdl 32]} Rb2 62. Ka7 Ra2+ 63. Kb8 Kh7 64. b7 Re2 65. Kc8 Re8+ 66. Kd7 Rb8 67. Kc6 {Accuracy: White = 81%, Black = 43%.} 1-0

[Event "Moscow Open-F 2019"]
[Site "Moscow"]
[Date "2019.02.02"]
[Round "9"]
[White "Mamatov, Melis"]
[Black "Tekeyev, Zaur"]
[Result "1/2-1/2"]
[WhiteElo "2203"]
[BlackElo "2392"]
[Annotator "RC"]
[PlyCount "110"]
[EventDate "2019.01.26"]
[EventType "swiss"]
[EventCountry "RUS"]
[SourceTitle "playchess.com"]
[Source "ChessBase"]
[SourceQuality "1"]
[TimeControl "40/5400+30:1800+30"]

1. e4 {[%emt 0:08:28]} c5 {[%emt 0:00:00]} 2. Nf3 {[%emt 0:00:23]} Nc6 {[%emt 0:00:00]} 3. d4 {[%emt 0:00:13]} cxd4 {[%emt 0:00:00]} 4. Nxd4 {[%emt 0:00:04]} e5 {[%emt 0:00:00]} 5. Nb5 {[%emt 0:00:05]} d6 {[%emt 0:00:05]} 6. g3 {[%emt 0:00:23]} Be7 {[%emt 0:09:36]} 7. Be3 {[%emt 0:04:28]} Nf6 {[%emt 0:06:10]} 8. Bg2 {[%emt 0:00:20]} Be6 {[%emt 0:05:45]} 9. N5c3 {[%emt 0:00:20]} Ng4 {[%emt 0:01:39]} 10. Bc1 {[%emt 0:05:29]} Bg5 {[%emt 0:08:56]} 11. Bxg5 {[%emt 0:11:54]} Qxg5 {[%emt 0:00:50]} 12. Nd2 {[%emt 0:00:41]} O-O {[%emt 0:02:41]} 13. Nf3 {[%emt 0:09:14]} Qd8 {[%emt 0:01:09]} 14. Qd2 {[%emt 0:01:32]} Rc8 {[%emt 0:09:17]} 15. O-O {[%emt 0:02:32]} Qa5 {[%emt 0:09:29]} 16. Rfd1 {[%emt 0:08:53]} Rfd8 {[%emt 0:01:35]} 17. Nd5 {[%emt 0:04:04]} Qxd2 {[%emt 0:03:32]} 18. Rxd2 {[%emt 0:00:10]} Bxd5 {[%emt 0:02:12]} 19. exd5 {[%emt 0:10:34]} Na5 {[%emt 0:00:39]} 20. c3 {[%emt 0:02:11]} g6 {[%emt 0:04:35]} 21. Rdd1 {[%emt 0:05:30]} Nc4 {[%emt 0:09:46]} 22. Rab1 {[%emt 0:01:43]} b5 {[%emt 0:01:19]} 23. Nd2 {[%emt 0:01:35]} f5 {[%emt 0:00:56]} 24. Nxc4 {[%emt 0:01:11]} Rxc4 {[%emt 0:01:51]} 25. Bf1 {[%emt 0:01:40]} Rc5 {[%emt 0:00:17]} 26. a4 {[%emt 0:00:01]} bxa4 {[%emt 0:05:30]} 27. Ra1 {[%emt 0:00:01]} Rb8 {[%emt 0:01:47]} 28. Rd2 {[%emt 0:00:00]} e4 {[%emt 0:03:43]} 29. Rxa4 {[%emt 0:00:14]} a5 {[%emt 0:00:31]} 30. Kg2 {[%emt 0:01:20]} Kg7 {[%emt 0:00:38]} 31. Be2 {[%emt 0:00:39]} Nf6 {[%emt 0:00:35]} 32. f3 {[%emt 0:04:03]} e3 {[%emt 0:01:45]} 33. Rc2 {[%emt 0:01:09]} Rxd5 {[%emt 0:02:06]} 34. b4 {[%emt 0:02:22]} axb4 {[%emt 0:00:48]} 35. cxb4 {[%emt 0:00:00]} Rb7 {[%emt 0:01:13]} 36. b5 {[%emt 0:00:42]} Re5 {[%emt 0:03:09]} 37. Rc6 {[%emt 0:03:26]} Nd5 {[%emt 0:00:47]} 38. Rd4 {[%emt 0:02:06]} f4 {[%emt 0:03:23]} 39. gxf4 {[%emt 0:00:01]} Rf5 {[%emt 0:00:09]} 40. Kg3 {[%emt 0:00:31]} Rbf7 {[%emt 0:00:48]} 41. Bc4 {[%emt 0:35:06]} Nc3 {[%emt 0:30:34]} 42. Bd3 {[%emt 0:01:45]} e2 {[%emt 0:00:43]} 43. Kf2 {[%emt 0:00:16]} Re7 {[%emt 0:00:29]} 44. Be4 {[%emt 0:01:35]} Nxb5 {[%emt 0:00:25]} 45. Rb4 {[%emt 0:01:24]} d5 {[%emt 0:00:35]} 46. Rxb5 {[%emt 0:00:19]} Rxf4 {[%emt 0:00:18]} 47. Rxd5 {[%emt 0:00:45]} Rexe4 {[%emt 0:00:17]} 48. Rc1 {[%emt 0:00:19]} e1=Q+ {[%emt 0:00:57]} 49. Rxe1 {[%emt 0:00:04]} Rxe1 {[%emt 0:00:03]} 50. Kxe1 {[%emt 0:00:07]} Rxf3 {[%emt 0:00:05]} 51. Rd4 {[%emt 0:01:41]} Kf6 {[%emt 0:00:25]} 52. Rh4 {[%emt 0:00:27]} h5 53. Ke2 Kg5 {[%emt 0:01:54]} 54. Rxh5+ {[%emt 0:00:19]} Kxh5 {[%emt 0:00:12]} 55. Kxf3 {[%emt 0:00:01]} Kh4 {[%emt 0:00:02]} 1/2-1/2

[Event "Moscow Open-F 2019"]
[Site "Moscow"]
[Date "2019.02.02"]
[Round "9"]
[White "Badalyan, Shavarsh"]
[Black "Khudyakov, Stanislav"]
[Result "1-0"]
[WhiteElo "2198"]
[BlackElo "2126"]
[Annotator "TA"]
[PlyCount "135"]
[EventDate "2019.01.26"]
[EventType "swiss"]
[EventCountry "RUS"]
[SourceTitle "playchess.com"]
[Source "ChessBase"]
[SourceQuality "1"]

{[%evp 15,135,22,13,7,45,12,33,-7,25,3,34,12,29,11,7,9,24,27,45,14,22,15,37,37,41,44,45,22,61,59,62,69,69,65,85,45,72,72,64,64,98,63,135,72,77,48,48,48,52,39,56,30,55,8,76,8,84,8,27,30,46,43,100,43,248,43,283,43,43,45,60,27,172,170,154,164,149,149,141,141,141,141,1723,1828,1704,489,480,472,1862,1488,2224,2241,6613,6498,12810,6103,29968,29959,29983,29984,29988,29986,29986,29987,29987,29988,29988,29988,29988,29983,29983,29984,29984,29985,29988,29989,29989,29990,29990,29991,29991,29992]} 1. d4 Nf6 2. Nf3 $146 ({Predecessor:} 2. c4 c6 3. Nf3 {½-½ (81) Rozum,I (2581)-Utegaliev,A (2494) Samara 2016}) 2... d5 3. c4 c6 4. e3 Bf5 5. Nc3 e6 6. Nh4 Bg6 7. Qb3 Qb6 8. Nxg6 hxg6 9. Bd3 {D12: Slav Defence: 3 Nf3 Nf6 4 e3 Bf5} ({Predecessor:} 9. Bd2 Nbd7 {½-½ (81) Rozum,I (2581)-Utegaliev,A (2494) Samara 2016}) 9... Nbd7 10. Bd2 Be7 11. Rd1 {White is slightly better.} ({Predecessor:} 11. Qc2 O-O 12. O-O e5 13. dxe5 Nxe5 14. cxd5 cxd5 15. Rfd1 Rfd8 16. Be1 Rac8 {½-½ (81) Rozum,I (2581)-Utegaliev,A (2494) Samara 2016}) 11... O-O 12. O-O Rac8 13. Rfe1 Rfd8 14. cxd5 Qxb3 15. axb3 {Strongly threatening dxe6.} exd5 16. f3 Nf8 17. Ra1 Ra8 18. Na4 Ne6 19. b4 Nd7 20. Nc5 Ndxc5 21. bxc5 Bf6 22. Ra4 a6 23. Rb4 Rab8 24. Ra1 Nc7 25. Rb6 Rdc8 26. Be1 Bg5 27. Bf2 Bd8 28. Bg3 (28. Rb3 {seems wilder.} Ne6 29. h4 Bc7 30. g4 Re8 31. f4) 28... Nb5 (28... Ne6 $1 $14) 29. Bxb8 ({White should try} 29. Raxa6 Bxb6 30. Rxb6) 29... Bxb6 $16 30. Bxb5 {aiming for Bd6.} (30. Bg3 {keeps more tension.} Bc7 31. Bxb5 axb5 32. Bxc7 Rxc7 33. Ra8+) 30... Rxb8 31. cxb6 {Hoping for Bd3.} axb5 {[%mdl 4096] Endgame KR-KR} 32. Ra7 Kf8 33. Kf2 Ke7 34. b4 Ke6 (34... g5 $11) 35. Ke2 (35. h4 $16) 35... Kd6 (35... g5 $11) 36. Kd3 (36. h4 $1 $16) 36... Ke6 37. h4 Kf6 38. e4 Ke6 ({Better is} 38... dxe4+ $14 39. fxe4 Ke6) 39. Ke3 (39. e5 $1 $16) 39... Kd6 $2 (39... dxe4 $14 40. fxe4 Kd6) 40. Kf4 $2 (40. e5+ $1 $18 Ke6 41. Kf4) 40... Ke6 $2 (40... dxe4 $1 $14 41. fxe4 Ke6) 41. Kg5 $2 ({White must play} 41. e5 $18) 41... dxe4 $1 $14 42. fxe4 Ke7 43. g4 Ke6 {[#]} (43... Kd6 $1 $11 {and Black stays safe.}) 44. h5 $1 $18 gxh5 45. gxh5 Ke7 {[#]} 46. Kf5 $1 Kd6 47. h6 gxh6 48. Kf6 Re8 $2 {[%mdl 8192]} (48... h5 $16) 49. e5+ Kd5 50. Kxf7 (50. Rxb7 $142 Kc4 51. Kxf7) 50... Rh8 {intending ...h5.} 51. Kg7 Re8 (51... Rb8 $142 52. Kf6 (52. Kxh6 Kxd4 53. e6 Ke5 $11) 52... Rf8+ 53. Ke7 Rb8) 52. Rxb7 Kxd4 53. Kf6 Rf8+ 54. Rf7 Rb8 55. b7 c5 56. Rd7+ {White mates.} Kc4 57. e6 cxb4 58. e7 b3 59. Rd8 b2 60. Rxb8 b1=Q {KQ-KR} 61. Rc8+ Kb4 62. b8=Q Qf1+ 63. Ke6 Qh3+ 64. Kd6 Qd3+ 65. Kc7 Qc4+ 66. Kb6 Qd4+ 67. Ka6 Qa1+ 68. Kb7 {Accuracy: White = 47%, Black = 24%.} 1-0

[Event "Moscow Open-F 2019"]
[Site "Moscow"]
[Date "2019.02.02"]
[Round "9"]
[White "Jaiswal, Rupesh"]
[Black "Derevianchenko, Ilia"]
[Result "1/2-1/2"]
[WhiteElo "2141"]
[BlackElo "2339"]
[Annotator "TA"]
[PlyCount "82"]
[EventDate "2019.01.26"]
[EventType "swiss"]
[EventCountry "RUS"]
[SourceTitle "playchess.com"]
[Source "ChessBase"]
[SourceQuality "1"]

{[%evp 13,82,5,15,0,11,-33,27,0,0,0,0,-35,-55,-37,4,0,6,-14,0,0,7,5,50,14,18,0,15,15,15,19,15,6,7,16,8,8,31,23,26,33,33,21,27,44,36,29,39,0,30,0,0,0,0,0,0,0,0,0,0,0,0,0,0,0,0,0,0,0,0,-8,-8]} 1. d4 Nf6 ({Predecessor:} 1... c5 2. c3 Nf6 3. Nf3 b6 4. Bf4 Bb7 5. e3 g6 6. a4 Bg7 7. a5 O-O 8. Nbd2 d6 {0-1 (40) Keschitz,G (2280)-Szalanczy,E (2266) Budapest 2014}) 2. Nf3 g6 $146 (2... c5 3. c3 b6 4. Bf4 Bb7 5. e3 g6 6. Nbd2 {1-0 (71) Nguyen,N (2629)-Flores,D (2579) Doha 2016}) 3. Bf4 Bg7 4. e3 c5 5. c3 b6 6. Nbd2 Bb7 7. h3 O-O 8. a4 {A48: 1 d4 Nf6 2 Nf3 g6: Torre, London and Colle Systems} (8. Be2 d6 9. O-O Nbd7 10. a4 a6 11. Qb3 Qc7 12. Bh2 Bc6 13. c4 Ne4 14. d5 Nxd2 15. Nxd2 Bb7 16. e4 e6 17. Qc2 Rae8 18. Rfe1 Bc8 19. Nf3 e5 20. a5 {1-0 (71) Nguyen,N (2629)-Flores,D (2579) Doha 2016}) 8... d6 9. a5 Qc8 (9... cxd4 $15 10. exd4 Nbd7) ({Predecessor:} 9... Nc6 10. Nc4 b5 11. a6 Bc8 12. Na3 b4 13. cxb4 Nxb4 14. dxc5 {0-1 (40) Keschitz,G (2280)-Szalanczy,E (2266) Budapest 2014}) 10. axb6 {White has an edge.} axb6 11. Rxa8 Bxa8 12. Qb3 cxd4 13. exd4 Nd5 14. Bg3 Qe6+ 15. Kd1 Nd7 16. Bd3 {[#] Threatens to win with Re1.} Nc7 17. Qxe6 fxe6 (17... Nxe6 {keeps more tension.} 18. Bc4 Nc7 19. Re1 Bf6 20. Bh4 Bxh4 21. Nxh4 e6) 18. Re1 b5 19. Be4 Nf6 20. Bxa8 Rxa8 21. Nb3 h6 22. Kc2 Kf7 23. Ra1 Rxa1 24. Nxa1 Ke8 25. Kd3 Kd7 26. Nc2 Nh5 27. Ne3 Nd5 28. Nxd5 exd5 $11 {[%mdl 4096] Endgame KBN-KBN} 29. Bh2 g5 30. b3 {[%cal Bb2b3,Bb3c4][%mdl 32]} Kc6 31. c4 bxc4+ {The position is equal.} 32. bxc4 Nf6 33. Nd2 Nd7 34. f4 gxf4 35. Bxf4 e5 36. cxd5+ Kxd5 37. dxe5 dxe5 38. Be3 Nf6 39. g4 h5 40. gxh5 e4+ 41. Nxe4 Nxe4 {Accuracy: White = 51%, Black = 55%.} 1/2-1/2

[Event "Moscow Open-F 2019"]
[Site "Moscow"]
[Date "2019.02.02"]
[Round "9"]
[White "Seliverstov, Vladislav"]
[Black "Zhaksygulov, Askarbai"]
[Result "1-0"]
[WhiteElo "2103"]
[BlackElo "1795"]
[Annotator "TA"]
[PlyCount "29"]
[EventDate "2019.01.26"]
[EventType "swiss"]
[EventCountry "RUS"]
[SourceTitle "playchess.com"]
[Source "ChessBase"]
[SourceQuality "1"]

{[%evp 15,29,22,41,6,20,14,60,40,261,273,260,266,252,251,335,333]} 1. Nf3 $146 ({Predecessor:} 1. d4 e6 2. Nf3 f5 3. g3 Nf6 4. Bg2 d5 5. O-O Bd6 6. c4 c6 7. Qc2 O-O {1-0 (60) Li,C (2720)-Agdestein,S (2602) Doha 2016}) 1... d5 2. c4 c6 3. d4 e6 4. Nc3 f5 5. g3 Nf6 6. Bg2 Bd6 7. O-O O-O 8. Qc2 Bd7 9. b4 {A90: Dutch Defence: Miscellaneous and Modern Stonewall (with ...Bd6)} ({Predecessor:} 9. Bg5 h6 10. Bf4 Bxf4 11. gxf4 Be8 12. c5 Nbd7 13. b4 Ne4 14. Ne5 Nxc3 15. Qxc3 Nxe5 16. dxe5 Kh8 {1-0 (60) Li,C (2720)-Agdestein,S (2602) Doha 2016}) 9... Bxb4 10. Rb1 Qa5 11. Bd2 {Black must now prevent Rxb4!White is slightly better.} Be8 $2 {[#]} (11... Bxc3 $14 12. Bxc3 Qa6) 12. Rxb4 $1 $18 {[%mdl 512] White has a decisive advantage.} Qxb4 13. Nxd5 $1 Qd6 14. Bf4 Qd8 15. Bc7 1-0

[Event "Moscow Open-F 2019"]
[Site "Moscow"]
[Date "2019.02.02"]
[Round "9"]
[White "Pischasov, Alexander"]
[Black "Teiitbaev, Aktilek"]
[Result "1-0"]
[WhiteElo "2022"]
[BlackElo "2229"]
[Annotator "TA"]
[PlyCount "131"]
[EventDate "2019.01.26"]
[EventType "swiss"]
[EventCountry "RUS"]
[SourceTitle "playchess.com"]
[Source "ChessBase"]
[SourceQuality "1"]

{[%evp 11,131,12,12,11,14,4,21,14,30,26,70,61,87,33,33,38,40,33,29,10,11,10,16,0,22,16,31,31,31,33,23,29,28,26,43,42,51,42,62,60,160,158,219,237,210,206,225,152,200,136,129,133,121,70,69,66,66,66,66,66,66,66,70,57,57,50,50,50,60,60,60,51,60,60,84,66,66,66,180,125,148,113,113,113,166,117,109,0,148,126,126,120,121,85,85,0,129,127,120,74,72,69,86,70,79,5,5,4,100,100,120,118,144,86,113,86,107,87,90,84,121,97]} 1. Nf3 ({Predecessor:} 1. c3 Nf6 2. Nf3 g6 3. Qc2 d5 4. d3 Bg7 5. e4 dxe4 6. dxe4 O-O 7. Be2 {½-½ (16) Aparicio Garcia,E (2133)-Castelao Rodriguez,S Oviedo 2004}) 1... d6 $146 (1... g6 2. e4 Bg7 3. d4 {½-½ (79) Nugumanov,B (2388)-Stupak,K (2588) Astana 2017}) 2. d4 g6 3. e4 Bg7 4. c3 Nf6 5. Qc2 O-O 6. Be2 c5 7. dxc5 {B06: Modern Defence} (7. O-O Qc7 8. d5 e6 9. c4 exd5 10. cxd5 Re8 11. Nc3 a6 12. a4 Nbd7 13. a5 h6 14. Nd2 b5 15. axb6 Nxb6 {½-½ (79) Nugumanov,B (2388)-Stupak,K (2588) Astana 2017}) 7... dxc5 8. O-O Nc6 9. Bf4 {The position is equal.} Nh5 10. Rd1 ({Predecessor:} 10. Be3 b6 11. Na3 a6 12. Rad1 Qc7 13. Qc1 Nf6 14. Nd2 Rd8 15. f3 e5 16. Nc2 Be6 {½-½ (16) Aparicio Garcia,E (2133)-Castelao Rodriguez,S Oviedo 2004}) 10... Nd4 11. Nxd4 $1 ({Of course not} 11. cxd4 Nxf4 12. d5 (12. dxc5 Nxe2+ 13. Qxe2 Bxb2 $15 {[%mdl 64] Back Rank}) 12... Qd7 $15) 11... cxd4 {[#]} 12. Bxh5 ({Better is} 12. Bg5 $1 $16) 12... e5 $1 $14 13. Bxe5 Bxe5 14. cxd4 Bxd4 15. Bf3 Be6 16. Nc3 {[#] Threatens to win with Qa4.} Rc8 17. Qe2 Qb6 18. Nd5 Qxb2 19. Qxb2 Bxb2 20. Rab1 Ba3 21. Rb3 Bc5 22. Rxb7 Rfd8 23. g3 Kf8 24. Kg2 Rd6 25. Rc1 $36 {[%mdl 2048] Black is under pressure.} Ra6 (25... Rcc6 $14) 26. Nc7 $16 Ra5 (26... Rc6 $16 {might work better.}) 27. Nxe6+ $18 fxe6 28. Rc2 h5 29. e5 Rd8 30. h4 {Strongly threatening Be4.} Bb6 31. Be4 {f4 is the strong threat.} g5 32. hxg5 (32. Rc3 $16 g4 33. Bg6) 32... Rxe5 $14 33. Bf3 Rxg5 34. Rh7 Kg8 35. Rxh5 Rxh5 36. Bxh5 {[%mdl 4096] Endgame KRB-KRB} Kg7 37. Re2 Kf6 38. Bg4 Rd6 39. Bf3 Rd3 40. Be4 Rd6 41. Bc2 Rc6 42. Bb3 Rd6 43. Kf3 Rd3+ 44. Kg4 Rd6 ({Black should play} 44... e5 $14) 45. f4 (45. Kh5 $18) 45... Bd4 46. Rh2 Kg7 47. Rh5 Bf6 (47... Rc6 $16 {was worth a try.} 48. Rb5 Kf6) 48. Bc2 Rc6 49. Bb3 (49. Bd1 {is interesting.} Ra6 50. Rc5 Rxa2 51. Rc7+ Kf8 52. Rc6) 49... Rd6 $1 50. Rc5 Bd4 51. Rc8 Kf6 52. Bc2 Bb6 53. Bb3 (53. Kf3 $16) 53... Bd8 (53... Bd4 $1 $11) 54. Rc2 e5 55. Re2 exf4 56. gxf4 Bb6 57. Rh2 Kg7 58. Kf5 (58. Rc2 $16) 58... Rf6+ $11 59. Ke4 Rh6 (59... Rxf4+ $1 $11 60. Kxf4 Bc7+ 61. Kg5 Bxh2) 60. Rd2 $16 Rh4 61. Rd7+ Kf8 62. Be6 ({White should try} 62. Ke5) 62... Ke8 {White is better.} 63. Rg7 Rh2 64. Bb3 Re2+ 65. Kf5 Rh2 66. Rb7 {Accuracy: White = 56%, Black = 38%.} 1-0